00437nam a2200193Ia 4500003000900000008004100009040001300050040001300063041000800076100002300084245004700107250001300154260001200167260000900179300001100188300001200199490002500211490000700236IT-RoPAU120407s9999 xx 000 0 und d aIT-RoPAU cIT-RoPAU aita aHans-Joachim Kraus aTeologia dei salmi. A cura di C. Gianotto aBrescia  aPaideia c1989 a362 p. c22,7 cm aBiblioteca teologica v22